00715 2200229 4500001002100000005001500021035002000036007000300056008004100059020002200100082001100122084001700133100002700150245016000177260002800337300003600365650002100401520003000422520001100452990001100463990001100474INLIS00000000000307220190207100019 a0010-0219000014ta190207 g 0 ind  a978-602-0899-39-8 a297.73 a297.73 ZET g0 aZETTY, Azizatun Ni'mah1 aGenealogi Pembaruan Pendidikan Islam di Indonesia :bKonvergensi Pemikiran Kependidikan KH. Ahmad Dahlan dan KH. M. Hasyim Asy'ari /cZetty Azizatun Ni'mah aMalang :bMadani,c2017 axxii, 140 hlm. :bilus ;c23 cm aISLAM.PENDIDIKAN aBibliografi: hlm. 131-140 aIndeks a6463 a a6463 b